000 00783nam a2200229Ia 4500
001 3264
003 GE_BSU
008 181216s||||||||xx |||||||||||||| ||und||
040 _cGE_BSU
080 _a665.6(075.8)
100 _aАрешидзе,Х.И.
245 _aИсследования в области химии нефти=გამოკვლევები ნავთბის ქიმიაში.
245 _bУчебник.
245 _cотв. ред. Т.Г.Андроникашвили.
260 _aТб.
260 _bМецниереба.
260 _c1980.
300 _a234стр. 22см. библиогр.:стр.231-232.
653 _aИсследования в области химии нефти.
653 _aქიმია
942 _cBK
999 _c37305
_d37305